Polaris Quiz - Statistics

General Stats
  • This quiz has been taken 2 times
  • The average score is 2 of 15
Answer Stats
Date Answer % Correct
2025 AD (current) Alpha Ursae Minoris
100%
27800 AD (current, again) Alpha Ursae Minoris
50%
12000 BC,14500 AD Vega (Alpha Lyrae)
50%
7500 AD Alderamin (Alpha Cephei)
0%
5900 AD Alfirk (Beta Cephei)
0%
9800 AD Deneb (Alpha Cygni)
0%
4420 BC Edasich (Iota Draconis)
0%
3100 AD Errai (Gamma Cephei)
0%
11250 AD Fawaris (Delta Cygni)
0%
5200 AD Iota Cephei
0%
9000 BC,15000 AD Iota Herculis
0%
2830 BC Kappa Draconis
0%
1100 BC Kochab (Beta Ursae Minoris)
0%
7400 BC,18400 AD Tau Herculis
0%
3000 BC Thuban (Alpha Draconis)
0%
No matching quizzes found
Score Distribution
Percent of People with Each Score
Percentile by Number Answered
Your Score History
You have not taken this quiz